| 000 | 00999nam a22002537a 4500 | ||
|---|---|---|---|
| 005 | 20240530110524.0 | ||
| 008 | 160224s2008 ua ao g 00| 0dara d | ||
| 017 |
_a 2008/1624 _bمصر . دار الكتب المصرية |
||
| 020 | _a9774375823 | ||
| 040 | _aEG-CaGPL | ||
| 082 | 0 | 4 |
_221 _a759.924\ _bس ف |
| 100 | 1 | _aستيدمان ، ايمى | |
| 245 | 1 | 0 |
_aفرسان الفن : _bقصص حياة الرسامين الايطاليين / _cتاليف ايمى ستيدمان ؛ ترجمة الحسين خضيرى |
| 250 | _aط1 | ||
| 260 |
_aالقاهرة : _bالمركز القومى للترجمة ، _c2008 . |
||
| 300 |
_a295 ص : _bصور ؛ _c24 سم . |
||
| 490 |
_aالمشروع القومى للترجمة ؛ _v1146 |
||
| 650 | 0 | 4 | _aالرسامين الايطاليون |
| 650 | 0 | 4 |
_aالرسامون _vتراجم |
| 650 | 0 | 4 | _aالفن الايطالى |
| 700 | 0 |
_aالحسين خضيرى _eمترجم |
|
| 942 |
_2ddc _cBK |
||
| 999 |
_c61955 _d61955 |
||